| 000 | 00453 a2200145 4500 | ||
|---|---|---|---|
| 001 | ART_6986 | ||
| 005 | 20260410161659.0 | ||
| 008 | 260409a | ||
| 245 | 1 | 0 | _aEl impacto asimétrico de las restricciones al financiamiento en Argentina |
| 100 | 1 | _aElosegui, Pedro | |
| 700 | 1 | _aEspañol, Paula | |
| 700 | 1 | _aPanigo, Demián Tupac | |
| 700 | 1 | _aBlanco, Emilio | |
| 773 | 0 |
_tEnsayos Económicos _g- Nº 48 (jul./sep. 2007) _wREV620 |
|
| 999 |
_c15028 _d15028 |
||